Legislación del impuesto del timbre del Estado / (Record no. 99733)

MARC details
000 -LEADER
campo de control de longitud fija 00556nam a2200169 i 4500
001 - NÚMERO DE CONTROL
campo de control 99733
003 - IDENTIFICADOR DE NÚMERO DE CONTROL
campo de control ES-MaACL
005 - FECHA Y HORA DE LA ÚLTIMA TRANSACCIÓN
campo de control 20230906182539.0
007 - CAMPO FIJO DE DESCRIPCIÓN FÍSICA--INFORMACIÓN GENERAL
campo de control de longitud fija t|
008 - DATOS DE LONGITUD FIJA--INFORMACIÓN GENERAL
campo de control de longitud fija 050915s1933 sp ||||1| spa d
100 1# - ENTRADA PRINCIPAL--NOMBRE DE PERSONA
Nombre de persona Martínez Alcubilla y Boronat, Marcelo.
9 (RLIN) 148747
245 10 - MENCIÓN DEL TÍTULO
Título Legislación del impuesto del timbre del Estado /
Mención de responsabilidad, etc. por Don Marcelo Martínez Alcubilla y Boronat.
260 ## - PUBLICACIÓN, DISTRIBUCIÓN, ETC.
Lugar de publicación, distribución, etc. Madrid :
Nombre del editor, distribuidor, etc. [s.n.],
Fecha de publicación, distribución, etc. 1933 (
Fabricante Imp. Sáez Hermanos)
300 ## - DESCRIPCIÓN FÍSICA
Extensión 283 p. ;
Dimensiones 26 cm.
650 ## - PUNTO DE ACCESO ADICIONAL DE MATERIA--TÉRMINO DE MATERIA
Término de materia o nombre geográfico como elemento de entrada Timbre (Impuesto)-
Subdivisión geográfica España.
9 (RLIN) 161971
852 ## - LOCALIZACIÓN
Ubicación ES-MaACL
Número de control de estantería A-1602
Holdings
Estatus retirado Estado de pérdida Estado de daño No para préstamo Biblioteca de origen Biblioteca actual Ubicación en estantería Fecha de adquisición Fuente de adquisición Total de préstamos Signatura topográfica completa Código de barras Visto por última vez Precio de reemplazo Tipo de ítem Koha
        Biblioteca del Ateneo de Madrid Biblioteca del Ateneo de Madrid Sala Pecera Planta 1 17/01/2008     A-1602 1104139 23/02/2023 23/02/2023 Libro impreso